[Event "Helsingor Xtracon op"]
[Site "Helsingor"]
[Date "2019.07.28"]
[Round "10"]
[White "Hojgaard, Brandur"]
[Black "Christensen, Tommy"]
[Result "0-1"]
[WhiteElo "1683"]
[BlackElo "1908"]
[PlyCount "55"]
[EventDate "2019.07.20"]
[EventType "swiss"]
[EventRounds "10"]
[EventCountry "DEN"]
[SourceTitle "CBM 191 Extra"]
[Source "ChessBase"]
[SourceDate "2019.09.30"]
[SourceVersion "1"]
[SourceVersionDate "2019.09.30"]
[SourceQuality "1"]

1. d4 Nf6 2. Nf3 e6 3. Bf4 c5 4. e3 Qb6 5. b3 Nc6 6. c3 Be7 7. Nbd2 d5 8. Bd3 cxd4 9. exd4 Bd7 10. 0-0 0-0 11. Qe2 Rac8 12. Ne5 Nxe5 13. dxe5 Ne8 14. c4 Qd4 15. g3 dxc4 16. Bxc4 Bc6 17. Nf3 Qc3 18. Nd2 Rd8 19. Rfc1 Qa5 20. a4 g5 21. Be3 Qxe5 22. f3 Nd6 23. Bd3 Nf5 24. Nc4 Qf6 25. Bxa7 Nd4 26. Bxd4 Qxd4+ 27. Kg2 Qxd3 28. Qe5 0-1

[Event "Helsingor Xtracon op"]
[Site "Helsingor"]
[Date "2018.07.24"]
[Round "5"]
[White "Jaksland, Tim"]
[Black "Christensen, Tommy"]
[Result "1-0"]
[WhiteElo "2185"]
[BlackElo "1904"]
[PlyCount "55"]
[EventDate "2018.07.21"]
[EventType "swiss"]
[EventRounds "10"]
[EventCountry "DEN"]
[SourceTitle "CBM 185 Extra"]
[Source "ChessBase"]
[SourceDate "2018.07.29"]
[SourceVersion "1"]
[SourceVersionDate "2018.07.29"]
[SourceQuality "1"]

1. Nf3 c5 2. c4 Nf6 3. b3 g6 4. Bb2 Bg7 5. g3 0-0 6. Bg2 d6 7. 0-0 e5 8. Nc3 Nc6 9. d3 Bg4 10. h3 Be6 11. e3 Rb8 12. d4 Bf5 13. dxc5 e4 14. Nd4 Nxd4 15. exd4 dxc5 16. d5 Re8 17. Re1 Nd7 18. g4 Ne5 19. gxf5 Nd3 20. Qd2 Bd4 21. Nd1 Nxe1 22. Qxe1 Qh4 23. fxg6 fxg6 24. Qd2 e3 25. fxe3 Rxe3 26. Nxe3 Re8 27. Bxd4 cxd4 28. Ng4 1-0

[Event "Helsingor Xtracon op"]
[Site "Helsingor"]
[Date "2018.07.22"]
[Round "3"]
[White "Vesterli, Michael"]
[Black "Christensen, Tommy"]
[Result "1-0"]
[WhiteElo "2159"]
[BlackElo "1904"]
[PlyCount "53"]
[EventDate "2018.07.21"]
[EventType "swiss"]
[EventRounds "10"]
[EventCountry "DEN"]
[SourceTitle "CBM 185 Extra"]
[Source "ChessBase"]
[SourceDate "2018.07.29"]
[SourceVersion "1"]
[SourceVersionDate "2018.07.29"]
[SourceQuality "1"]

1. d4 Nf6 2. c4 c5 3. d5 b5 4. cxb5 a6 5. bxa6 Bxa6 6. Nc3 d6 7. g3 Nbd7 8. Bg2 g6 9. Nf3 Bg7 10. Rb1 Rb8 11. 0-0 0-0 12. b3 Ng4 13. Bd2 Qb6 14. a4 Qa7 15. Ne1 Nde5 16. h3 Nh6 17. Nc2 Nf5 18. Kh2 Rfc8 19. f4 c4 20. b4 Nd3 21. Rf3 Nf2 22. Qg1 Bd4 23. Nxd4 Qxd4 24. Be1 Ne4 25. Qxd4 Nxd4 26. Nxe4 Nxf3+ 27. Bxf3 1-0

[Event "Helsingor Xtracon op"]
[Site "Helsingor"]
[Date "2018.07.21"]
[Round "1"]
[White "Keymer, Vincent"]
[Black "Christensen, Tommy"]
[Result "1-0"]
[WhiteElo "2466"]
[BlackElo "1904"]
[PlyCount "67"]
[EventDate "2018.07.21"]
[EventType "swiss"]
[EventRounds "10"]
[EventCountry "DEN"]
[SourceTitle "CBM 185 Extra"]
[Source "ChessBase"]
[SourceDate "2018.07.29"]
[SourceVersion "1"]
[SourceVersionDate "2018.07.29"]
[SourceQuality "1"]

1. d4 Nf6 2. c4 c5 3. d5 e6 4. Nc3 exd5 5. cxd5 d6 6. Nf3 g6 7. Bf4 Bg7 8. Qa4+ Bd7 9. Qb3 Qc7 10. e4 0-0 11. Nd2 Re8 12. Be2 a6 13. a4 Bg4 14. f3 Nh5 15. Be3 Bc8 16. g4 Nf6 17. 0-0 Nbd7 18. g5 Nh5 19. f4 Bd4 20. Nc4 b5 21. axb5 Rb8 22. e5 dxe5 23. d6 Qd8 24. Bxd4 cxd4 25. Bxh5 exf4 26. Bf3 Qxg5+ 27. Kh1 dxc3 28. Rae1 Rxe1 29. Rxe1 axb5 30. Na5 Ne5 31. Qxc3 f6 32. Qc7 Nd7 33. Nc6 Kg7 34. Nxb8 1-0

[Event "Tollose Weekend Cup A"]
[Site "Tollose"]
[Date "2016.04.17"]
[Round "5"]
[White "Dalberg, Preben"]
[Black "Christensen, Tommy"]
[Result "1-0"]
[WhiteElo "2161"]
[BlackElo "1894"]
[PlyCount "67"]
[EventDate "2016.04.15"]
[EventType "tourn"]
[EventRounds "5"]
[EventCountry "DEN"]
[SourceTitle "EXT 2024"]
[Source "ChessBase"]
[SourceDate "2023.10.10"]
[SourceVersion "1"]
[SourceVersionDate "2023.10.10"]
[SourceQuality "1"]

1. d4 Nf6 2. c4 c5 3. d5 b5 4. Nf3 bxc4 5. Nc3 d6 6. e4 g6 7. Bxc4 Nbd7 8. Bf4 Bg7 9. 0-0 0-0 10. Re1 Nb6 11. Bb5 Bg4 12. a4 a5 13. h3 Bxf3 14. Qxf3 Nfd7 15. Bd2 Ne5 16. Qe2 c4 17. Rf1 Qc7 18. f4 Nd3 19. Bc6 Rab8 20. b3 Nb4 21. Nb5 Qc8 22. Bxb4 axb4 23. a5 Bxa1 24. Rxa1 Qa6 25. bxc4 Rfc8 26. e5 dxe5 27. fxe5 Na8 28. Qb2 Rxc6 29. dxc6 Qxc6 30. Qxb4 Nc7 31. Qxe7 Nxb5 32. cxb5 Rxb5 33. a6 Rb2 34. Qd8+ 1-0